Quality in the Space Instrument; Космическое приборостроение

Bibliografiske detaljer
Parent link:Космическое приборостроение.— 2015.— [С. 318-319]
Hovedforfatter: Kalaeva D. S.
Institution som forfatter: Национальный исследовательский Томский политехнический университет
Andre forfattere: Nikolskaya Y. V. (научный руководитель), Kuimova M. V. Marina Valerievna
Summary:Заглавие с титульного экрана
Sprog:engelsk
Udgivet: 2015
Serier:Space instrument making
Fag:
Online adgang:http://earchive.tpu.ru/handle/11683/64468
http://www.lib.tpu.ru/fulltext/c/2015/C22/070.pdf
Format: MixedMaterials Electronisk Book Chapter
KOHA link:https://koha.lib.tpu.ru/cgi-bin/koha/opac-detail.pl?biblionumber=612198

MARC

LEADER 00000naa2a2200000 4500
001 612198
005 20260421140557.0
035 |a (RuTPU)RU\TPU\conf\10304 
035 |a RU\TPU\conf\10303 
090 |a 612198 
100 |a 20150522d2015 k y0rusy50 ba 
101 0 |a eng 
102 |a RU 
135 |a drgn ---uucaa 
181 0 |a i  
182 0 |a b 
200 1 |a Quality in the Space Instrument  |f D. S. Kalaeva, Y. V. Nikolskaya  |g sci. adv. M. V. Kuimova 
203 |a Текст  |c электронный 
225 1 |a Space instrument making 
300 |a Заглавие с титульного экрана 
320 |a [Библиогр.: с. 319 (2 назв.)] 
337 |a Adobe Reader 
463 1 |0 (RuTPU)RU\TPU\conf\9748  |t Космическое приборостроение  |o сборник научных трудов III Всероссийского форума школьников, студентов, аспирантов и молодых ученых с международным участием, г. Томск, 8-10 апреля 2015 г.  |f Национальный исследовательский Томский политехнический университет (ТПУ)  |v [С. 318-319]  |d 2015 
610 1 |a труды учёных ТПУ 
610 1 |a электронный ресурс 
610 1 |a качество 
610 1 |a космическое приборостроение 
700 1 |a Kalaeva  |b D. S. 
701 1 |a Nikolskaya  |b Y. V. 
702 1 |a Kuimova  |b M. V.  |c linguist  |c Head of the Department of Tomsk Polytechnic University, Candidate of pedagogical sciences  |f 1976-  |g Marina Valerievna  |4 727 
712 0 2 |a Национальный исследовательский Томский политехнический университет  |c (2009- )  |9 26305 
801 2 |a RU  |b 63413507  |c 20210212  |g RCR 
856 4 |u http://earchive.tpu.ru/handle/11683/64468 
856 4 |u http://www.lib.tpu.ru/fulltext/c/2015/C22/070.pdf 
942 |c BK